Proces harmonizace pojistného práva České republiky s legislativou ES

Informácie o procese harmonizácie poistného práva v ČR s legislatívou EÚ. Zákony a Smernice záväzné v poistnom práve. Vyššia kvalita poistných služieb.

Saved in:
Bibliographic Details
Main Author: Mocková, Martina
Format: Book Chapter
Language:Czech
Subjects:
Tags: Add Tag
No Tags, Be the first to tag this record!

MARC

LEADER 00000naa$a2200000$$$4500
001 0022313
005 20221207121946.3
041 0 |a cze 
044 |a SK 
245 1 0 |a Proces harmonizace pojistného práva České republiky s legislativou ES  |c Martina Mocková 
520 |a Informácie o procese harmonizácie poistného práva v ČR s legislatívou EÚ. Zákony a Smernice záväzné v poistnom práve. Vyššia kvalita poistných služieb. 
610 2 0 |a poisťovníctvo 
610 2 0 |a aproximácia práva 
610 2 0 |a Česko 
610 2 0 |a Európska únia 
100 1 |a Mocková, Martina